| 000 | 00455nam a22001097a 4500 | ||
|---|---|---|---|
| 050 | 0 | 0 |
_aTK146 _b.K46 2009 |
| 245 | 2 | 0 |
_aTechnical, industrial, vocational, and entrepreneurship training : _bdiploma in electrical and electronic engineering power options syllabus and regulations / _cKenya Institute of Education. |
| 260 |
_aKenya; Nairobi: _bK.I.E. _c2009. |
||
| 300 | _axiv, 368 p. ; | ||
| 650 | 0 |
_vElectronic engineering. _xsyllabus and regulations. |
|
| 942 | _cGEN | ||
| 999 |
_c816 _d816 |
||